US States That Are Losing Population - Statistics

General Stats
  • This quiz has been taken 71 times
  • The average score is 5 of 6
Answer Stats
Population Loss Percentage State % Correct
-41,326 -0.2% New York
90%
-243,102 -1.9% Illinois
86%
-68,207 -3.7% West Virginia
80%
-2,394 -0.4% Vermont
75%
-17,091 -0.5% Connecticut
73%
-511 -0.0% Mississippi
63%
No matching quizzes found
Score Distribution
Percent of People with Each Score
Percentile by Number Answered
Your Score History
You have not taken this quiz